Politics, planning, and the public interest : (Record no. 34503)
[ view plain ]
| 000 -LEADER | |
|---|---|
| fixed length control field | 00889nam a22002651a 4500 |
| 001 - CONTROL NUMBER | |
| control field | 34503 |
| 003 - CONTROL NUMBER IDENTIFIER | |
| rucl marc code | BD-RjUL |
| 005 - DATE AND TIME OF LATEST TRANSACTION | |
| control field | 20211209052153.0 |
| 008 - FIXED-LENGTH DATA ELEMENTS--GENERAL INFORMATION | |
| fixed length control field | 140517t164 1955enka 001 0 eng d |
| 035 ## - SYSTEM CONTROL NUMBER | |
| System control number | (BD-RjUL)34597 |
| 040 ## - CATALOGING SOURCE | |
| Original cataloging agency | LC |
| Language of cataloging | eng |
| Transcribing agency | LC |
| Modifying agency | LC |
| -- | BD-RjUL |
| 041 ## - LANGUAGE CODE | |
| Language code of text/sound track or separate title | eng |
| 082 04 - DEWEY DECIMAL CLASSIFICATION NUMBER | |
| Classification number | 331.833 |
| Author mark and year | MEP 1964 |
| 100 1# - MAIN ENTRY--PERSONAL NAME | |
| Personal name | Meyerson, Martin. |
| 9 (RLIN) | 104951 |
| 245 10 - TITLE STATEMENT | |
| Title | Politics, planning, and the public interest : |
| Remainder of title | the case of public housing in Chicago / |
| Statement of responsibility, etc. | by Martin Meyerson and Edward C. Banfield. |
| 260 ## - PUBLICATION, DISTRIBUTION, ETC. (IMPRINT) | |
| Place of publication, distribution, etc. | London : |
| Name of publisher, distributor, etc. | Free Press |
| Date of publication, distribution, etc. | c1955 [1964]. |
| 300 ## - PHYSICAL DESCRIPTION | |
| Pagination | 353 p. : |
| Illustrations | ill. ; |
| Size | 21 cm. |
| 504 ## - BIBLIOGRAPHY, ETC. NOTE | |
| Bibliography, etc | Includes index. |
| 650 #0 - SUBJECT ADDED ENTRY--TOPICAL TERM | |
| Topical term or geographic name as entry element | Public housing |
| Geographic subdivision | Illinois |
| -- | Chicago. |
| 9 (RLIN) | 104952 |
| Topical term or geographic name as entry element | African Americans |
| General subdivision | Housing |
| Geographic subdivision | Illinois |
| -- | Chicago. |
| 9 (RLIN) | 104953 |
| 700 1# - ADDED ENTRY--PERSONAL NAME | |
| Personal name | Banfield, Edward C, |
| Relator term | joint author. |
| 942 ## - ADDED ENTRY ELEMENTS (KOHA) | |
| Source of classification or shelving scheme | Dewey Decimal Classification |
| Koha item type | Books |
| Lost status | Source of classification or shelving scheme | Damaged status | Not for loan | Collection code | Permanent Location | Current Location | Shelving location | Date acquired | Source of acquisition | Cost, normal purchase price | Total Checkouts | Full call number | Date last seen | Copy number | Koha item type |
|---|---|---|---|---|---|---|---|---|---|---|---|---|---|---|---|
| Dewey Decimal Classification | Not For Loan | Non-fiction | Central Library, University of Rajshahi | Central Library, University of Rajshahi | Reading Room | 08/12/1965 | Zeit. | 18.00 | 331.833 MEP 1964 | 17/05/2014 | C-1 | Books |